Mejoramiento de la adaptación y de la confiabilidad de los rendimientos de maíz en el mundo en desarrollo /

Guardado en:
Autor Principal: Paliwal, R. L.
Autor Corporativo: Centro Internacional de Mejoramiento de Maíz y Trigo.
Otros Autores: Sprague, Ernest W.
Formato: Libro
Idioma:Spanish
Publicado: México : CIMMYT, 1981.
Acceso en línea:Texto completo
Etiquetas: Agregar Etiqueta
Sin Etiquetas, Sea el primero en etiquetar este registro!
LEADER 00713nam a22001695a 4500
001 EEA.libagro003575
005 20190527130931.0
008 130809s1981####mx#a##########000#0#spa#d
082 0 4 |a 633.153 
100 1 |a Paliwal, R. L. 
245 1 0 |a Mejoramiento de la adaptación y de la confiabilidad de los rendimientos de maíz en el mundo en desarrollo /  |c R.L. Paliwal y Ernest W. Sprague. 
260 |a México :  |b CIMMYT,  |c 1981. 
300 |a 21 p. :  |b il. ;  |c 28 cm. 
700 1 |a Sprague, Ernest W. 
710 2 |a Centro Internacional de Mejoramiento de Maíz y Trigo. 
856 |u http://repository.cimmyt.org/xmlui/bitstream/handle/10883/3749/13187.pdf  |3 Texto completo 
859 |a AR-BbBCA  |b BIB. AGRONOMIA  |h 633.153  |i P163  |p 1985/0812